[Event "Campeonato de España por Equip"]
[Site "Burguillos"]
[Date "2009.08.06"]
[Round "3"]
[White "Lara Lopez, Sergio"]
[Black "Alvarez Abejon, Amilcar"]
[Result "1-0"]
[WhiteElo "2051"]
[BlackElo "2063"]
[PlyCount "45"]
[EventDate "2009.08.05"]
[EventType "team"]
[EventRounds "6"]
[EventCountry "ESP"]
[WhiteTeam "C.D. AJEDREZ LAPUERTA"]
[BlackTeam "C.A. PUEBLO NUEVO"]

1. e4 e6 2. d4 d5 3. e5 c5 4. c3 Qb6 5. Nf3 Nc6 6. Bd3 cxd4 7. cxd4 Nh6 8. Nc3
Bd7 9. O-O Rc8 10. Re1 Na5 11. Ne2 Nf5 12. Bxf5 exf5 13. Nf4 Be6 14. Ng5 g6 15.
Ngxe6 fxe6 16. Qa4+ Kf7 17. Qd7+ Be7 18. Nxd5 exd5 19. e6+ Kf6 20. Bg5+ Kxg5
21. Qxe7+ Kg4 22. Qg7 h5 23. Qxg6+ 1-0

[Event "Campeonato de España por Equip"]
[Site "Burguillos"]
[Date "2009.08.06"]
[Round "3"]
[White "Martin Prieto, Oscar"]
[Black "Alcaraz Cordoba, Sergio"]
[Result "0-1"]
[WhiteElo "1985"]
[BlackElo "1877"]
[PlyCount "104"]
[EventDate "2009.08.05"]
[EventType "team"]
[EventRounds "6"]
[EventCountry "ESP"]
[WhiteTeam "C.A. PUEBLO NUEVO"]
[BlackTeam "C.D. AJEDREZ LAPUERTA"]

1. Nf3 d5 2. d4 Nf6 3. Bg5 Nbd7 4. e3 e6 5. Nbd2 Bd6 6. c4 c6 7. Rc1 h6 8. Bh4
O-O 9. Bd3 e5 10. dxe5 Nxe5 11. Nxe5 Bxe5 12. Qc2 Re8 13. O-O Bxh2+ 14. Kh1 Bb8
15. Bf5 g5 16. Bg3 Bxg3 17. fxg3 Rxe3 18. cxd5 Nxd5 19. Bh7+ Kg7 20. Nc4 Re6
21. Rf2 Rf6 22. Rcf1 Be6 23. b3 Rxf2 24. Rxf2 Nf6 25. Bd3 Bxc4 26. Bxc4 Qe7 27.
Qf5 Rd8 28. a4 Rd4 29. Rf1 Re4 30. Qf2 a6 31. Qb2 Qe5 32. Qf2 b5 33. axb5 axb5
34. Bd3 Re3 35. Bc2 Re2 36. Qf5 Qxf5 37. Bxf5 Rb2 38. Rf3 b4 39. Kh2 Nd5 40.
Bd7 c5 41. Bb5 Rd2 42. Bc4 f6 43. Kg1 Rd4 44. Kf2 Nb6 45. Bb5 c4 46. bxc4 Nxc4
47. Rb3 Nd6 48. Bf1 f5 49. Re3 Kf6 50. Ba6 Ne4+ 51. Kg1 Rd1+ 52. Bf1 Nd2 0-1

[Event "Campeonato de España por Equip"]
[Site "Burguillos"]
[Date "2009.08.06"]
[Round "3"]
[White "Cabrera, Alexis"]
[Black "Scavo, Fernando"]
[Result "1-0"]
[WhiteElo "2527"]
[BlackElo "2239"]
[PlyCount "85"]
[EventDate "2009.08.05"]
[EventType "team"]
[EventRounds "6"]
[EventCountry "ESP"]
[WhiteTeam "C.A. MISLATA"]
[BlackTeam "C.D. CRUZ ROJA LINARES"]

1. e4 e6 2. d4 d5 3. Nc3 Bb4 4. e5 c5 5. a3 Bxc3+ 6. bxc3 Qa5 7. Bd2 Qa4 8. Qg4
Kf8 9. Nf3 Qxc2 10. Rc1 Qg6 11. Qxg6 hxg6 12. c4 Ne7 13. dxc5 Nbc6 14. Bd3 Rh5
15. Bf4 Na5 16. cxd5 Nxd5 17. Bg3 Bd7 18. Nd2 Ba4 19. O-O Rd8 20. Be2 Rh8 21.
Ne4 Ke7 22. Nd6 Bc6 23. Rc2 g5 24. Rb1 Nf4 25. f3 Nxe2+ 26. Rxe2 Bd5 27. Reb2
Rd7 28. Be1 Nc4 29. Nxc4 Bxc4 30. c6 bxc6 31. Bb4+ Ke8 32. Bd6 Rxd6 33. Rb8+
Rd8 34. Rxd8+ Kxd8 35. Rb8+ Ke7 36. Rxh8 Bb5 37. Rg8 g6 38. Kf2 c5 39. Rc8 c4
40. Rc7+ Kd8 41. Rxa7 c3 42. Ke3 Be8 43. g3 1-0

[Event "Campeonato de España por Equip"]
[Site "Burguillos"]
[Date "2009.08.06"]
[Round "3"]
[White "Ruiz Sanchez, Miguel Angel"]
[Black "Garcia Roman, Daniel"]
[Result "0-1"]
[WhiteElo "2211"]
[BlackElo "2464"]
[PlyCount "65"]
[EventDate "2009.08.05"]
[EventType "team"]
[EventRounds "6"]
[EventCountry "ESP"]
[WhiteTeam "C.D. CRUZ ROJA LINARES"]
[BlackTeam "C.A. MISLATA"]

1. d4 e6 2. Bf4 c5 3. e3 Qb6 4. Na3 d5 5. Nb5 Na6 6. a4 Nf6 7. h3 c4 8. b3 Ne4
9. c3 Qa5 10. Rc1 cxb3 11. Qxb3 Be7 12. Bd3 O-O 13. Ne2 Bd7 14. f3 Nf6 15. O-O
Rfc8 16. Ra1 Bc6 17. Rfc1 Qd8 18. Qb1 Nb8 19. e4 g6 20. e5 Ne8 21. Qb3 Nd7 22.
Na3 Qa5 23. Nc2 Nb6 24. Bb5 Nc4 25. Ne3 Nxe3 26. Bxe3 Rab8 27. Rcb1 a6 28. Bd3
Qd8 29. Bc1 Qd7 30. Qd1 b5 31. axb5 Bxb5 32. Bxb5 Rxb5 33. Qa4 0-1

[Event "Campeonato de España por Equip"]
[Site "Burguillos"]
[Date "2009.08.06"]
[Round "3"]
[White "Sanchez Romero, Miquel Angel"]
[Black "Rios Del Moral, Neftali"]
[Result "1/2-1/2"]
[WhiteElo "2251"]
[BlackElo "2158"]
[PlyCount "27"]
[EventDate "2009.08.05"]
[EventType "team"]
[EventRounds "6"]
[EventCountry "ESP"]
[WhiteTeam "C.A. MISLATA"]
[BlackTeam "C.D. CRUZ ROJA LINARES"]

1. e4 e5 2. Nf3 Nc6 3. Bb5 f5 4. Nc3 fxe4 5. Nxe4 d5 6. Nxe5 dxe4 7. Nxc6 Qg5
8. Qe2 Nf6 9. f4 Qxf4 10. Ne5+ c6 11. d4 Qh4+ 12. g3 Qh3 13. Bc4 Be6 14. Bg5
1/2-1/2

[Event "Campeonato de España por Equip"]
[Site "Burguillos"]
[Date "2009.08.06"]
[Round "3"]
[White "Orihuela Lillo, Jose Manuel"]
[Black "Castro Exposito, Cristobal"]
[Result "0-1"]
[WhiteElo "1993"]
[BlackElo "2027"]
[PlyCount "106"]
[EventDate "2009.08.05"]
[EventType "team"]
[EventRounds "6"]
[EventCountry "ESP"]
[WhiteTeam "C.D. CRUZ ROJA LINARES"]
[BlackTeam "C.A. MISLATA"]

1. e4 e6 2. Nf3 d5 3. Nc3 Nf6 4. e5 Nfd7 5. Bb5 a6 6. Bxd7+ Nxd7 7. d4 c5 8.
Qe2 Be7 9. Bf4 O-O 10. O-O b5 11. Qd2 cxd4 12. Nxd4 Qc7 13. Nf3 Bb7 14. Ne2
Rac8 15. Ned4 Nc5 16. Rad1 Ne4 17. Qc1 Qa5 18. a3 b4 19. Ng5 Nxg5 20. Bxg5 Bxg5
21. Qxg5 bxa3 22. Qe7 Qc7 23. Qxc7 Rxc7 24. bxa3 Rc4 25. Rfe1 Bc8 26. Re3 h6
27. h3 Bd7 28. Rb3 Rfc8 29. Rb6 a5 30. Rd2 a4 31. Rb7 Be8 32. Rb2 Rc3 33. Ra2
Bd7 34. Kf1 f6 35. Nf3 R3c4 36. Ke1 Bb5 37. Kd1 fxe5 38. Nxe5 Re4 39. Nd3 Rc3
40. Ne1 Bf1 41. f3 Ree3 42. Rf2 Bc4 43. Rb2 Rxa3 44. Kd2 Re5 45. Nd3 Rf5 46. g4
Rf6 47. f4 Ra1 48. h4 a3 49. Rb8+ Rf8 50. Rxf8+ Kxf8 51. f5 a2 52. fxe6+ Ke8
53. Kc3 Rb1 0-1

[Event "Campeonato de España por Equip"]
[Site "Burguillos"]
[Date "2009.08.07"]
[Round "4"]
[White "Carlsson, Pontus"]
[Black "Cruz Ravina, Francisco Javier"]
[Result "1-0"]
[WhiteElo "2494"]
[BlackElo "2345"]
[PlyCount "51"]
[EventDate "2009.08.05"]
[EventType "team"]
[EventRounds "6"]
[EventCountry "ESP"]
[WhiteTeam "C.D.E. ALMAGRO"]
[BlackTeam "C.A. ALGECIRAS"]

1. e4 c6 2. d4 d5 3. e5 Bf5 4. Nf3 e6 5. Be2 Nd7 6. O-O h6 7. Nbd2 Ne7 8. Nb3
Qc7 9. Bf4 O-O-O 10. Rc1 g5 11. Bg3 Ng6 12. Nfd2 f6 13. c4 fxe5 14. cxd5 exd5
15. dxe5 Ndxe5 16. Nd4 Bd7 17. N2f3 Nxf3+ 18. Bxf3 Nf4 19. Bxd5 Kb8 20. Bf3 Bg7
21. Qa4 h5 22. Nb5 Qb6 23. Bxf4+ gxf4 24. Qxf4+ Kc8 25. Nd6+ Kb8 26. Ne8+ 1-0

[Event "Campeonato de España por Equip"]
[Site "Burguillos"]
[Date "2009.08.07"]
[Round "4"]
[White "Montero Melendez, Rafael"]
[Black "Espinosa Aranda, Angel"]
[Result "1/2-1/2"]
[WhiteElo "2249"]
[BlackElo "2350"]
[PlyCount "106"]
[EventDate "2009.08.05"]
[EventType "team"]
[EventRounds "6"]
[EventCountry "ESP"]
[WhiteTeam "C.A. ALGECIRAS"]
[BlackTeam "C.D.E. ALMAGRO"]

1. d4 d5 2. c4 c6 3. Nc3 Nf6 4. cxd5 cxd5 5. Bf4 Nc6 6. e3 Ne4 7. Bd3 Nxc3 8.
bxc3 g6 9. h4 Bg7 10. Qc2 e5 11. dxe5 Nxe5 12. Bxe5 Bxe5 13. Nf3 Bg7 14. h5 O-O
15. Rb1 Bg4 16. Rxb7 Qf6 17. Nd4 Bxh5 18. O-O Rfe8 19. Rfb1 Qh4 20. g3 Qg5 21.
Be2 Rac8 22. Bxh5 Qxh5 23. Qe2 Rxc3 24. Qxh5 gxh5 25. Rxa7 Bxd4 26. exd4 Re2
27. Rb3 Rxb3 28. axb3 Rd2 29. Ra4 Kg7 30. Kg2 Kg6 31. Kf3 Kf5 32. Ra7 f6 33.
Rxh7 Rxd4 34. Rxh5+ Ke6 35. Rh1 Rd3+ 36. Kf4 Rxb3 37. Re1+ Kf7 38. Rd1 Ke6 39.
Re1+ Kd6 40. Re3 Rb2 41. f3 d4 42. Re8 Kd5 43. Rd8+ Kc4 44. Rc8+ Kd3 45. Rc6
Ke2 46. Re6+ Kf2 47. Rd6 Rb4 48. Ke4 f5+ 49. Kxf5 Kxf3 50. g4 Rb5+ 51. Kf6 Ke4
52. g5 Rf5+ 53. Kg6 Rf1 1/2-1/2

[Event "Campeonato de España por Equip"]
[Site "Burguillos"]
[Date "2009.08.07"]
[Round "4"]
[White "Garcia Moral Garcia, Jose Danie"]
[Black "Osuna Vega, Enrique"]
[Result "1-0"]
[WhiteElo "2326"]
[BlackElo "2113"]
[PlyCount "167"]
[EventDate "2009.08.05"]
[EventType "team"]
[EventRounds "6"]
[EventCountry "ESP"]
[WhiteTeam "C.D.E. ALMAGRO"]
[BlackTeam "C.A. ALGECIRAS"]

1. e4 c5 2. Nf3 e6 3. Nc3 a6 4. d4 cxd4 5. Nxd4 Qc7 6. Bd3 Nf6 7. f4 Bb4 8. Bd2
Bxc3 9. bxc3 d6 10. O-O e5 11. fxe5 dxe5 12. Nf5 Bxf5 13. Rxf5 Nbd7 14. Kh1 Nc5
15. Qe2 Rd8 16. Bh6 Rg8 17. Bd2 Qd6 18. Raf1 Ncd7 19. Bg5 Rc8 20. Qe1 Rc6 21.
Bh4 Kd8 22. Qg3 Qe7 23. Rb1 Kc8 24. Qe3 Qc5 25. Qh3 Kb8 26. Rb3 Qa5 27. Bxf6
Nxf6 28. Qg3 Ka8 29. Rxe5 Qc7 30. c4 Ng4 31. Rd5 Qxg3 32. hxg3 Kb8 33. Kg1 Kc7
34. Rg5 Ne3 35. Re5 Kd6 36. Rh5 Kc7 37. Rxh7 Nxc4 38. Rb1 Ne5 39. Rf1 g6 40.
Kf2 Rf6+ 41. Ke2 Rxf1 42. Kxf1 Kd6 43. Ke2 Rc8 44. Rh1 Nd7 45. Rf1 Ke6 46. Rb1
Nc5 47. Ke3 Ke5 48. Rf1 f6 49. Rh1 Rc7 50. Rh8 Re7 51. Rc8 Kd6 52. Rg8 g5 53.
Rf8 Ke5 54. Rc8 Kd6 55. Rd8+ Rd7 56. Rf8 Ke7 57. Rc8 Kd6 58. Rf8 Ke7 59. Rh8
Rc7 60. Rh7+ Kd6 61. Rh8 Re7 62. Rd8+ Rd7 63. Rf8 Ke7 64. Rg8 Rc7 65. e5 fxe5
66. Rxg5 Nxd3 67. Rg7+ Kd6 68. Rxc7 Kxc7 69. Kxd3 Kd6 70. Ke4 b5 71. a3 a5 72.
c3 Kc5 73. g4 Kc4 74. g5 Kxc3 75. g6 Kb3 76. g7 Kxa3 77. g8=Q b4 78. Kd3 a4 79.
Kc2 e4 80. Qe6 b3+ 81. Kb1 e3 82. Qxe3 Kb4 83. Qb6+ Kc4 84. Kb2 1-0

[Event "Campeonato de España por Equip"]
[Site "Burguillos"]
[Date "2009.08.07"]
[Round "4"]
[White "Vinas Guerrero, Carlos A"]
[Black "Fernandez Barrera, Victor"]
[Result "1-0"]
[WhiteElo "2104"]
[BlackElo "2309"]
[PlyCount "145"]
[EventDate "2009.08.05"]
[EventType "team"]
[EventRounds "6"]
[EventCountry "ESP"]
[WhiteTeam "C.A. ALGECIRAS"]
[BlackTeam "C.D.E. ALMAGRO"]

1. e4 e6 2. d4 d5 3. Bd3 c5 4. exd5 exd5 5. Qe2+ Be6 6. Nf3 Be7 7. dxc5 Nc6 8.
c3 Bxc5 9. O-O Qe7 10. Ng5 Nf6 11. b4 Bd6 12. Re1 O-O 13. Nxe6 fxe6 14. Qxe6+
Qxe6 15. Rxe6 Rae8 16. Rxe8 Rxe8 17. Bd2 Be5 18. a3 Ne4 19. Ra2 Bf6 20. Be1 Ne5
21. Bxe4 dxe4 22. Re2 Nd3 23. Bd2 Kf7 24. Kf1 b5 25. Be3 a6 26. Rc2 Rc8 27. Ke2
Ne5 28. Nd2 Nc4 29. Nxe4 Be5 30. Ra2 Ke6 31. a4 Kd5 32. f3 bxa4 33. Rxa4 Rc6
34. Bf2 Bxh2 35. g3 h5 36. Ra1 h4 37. Rd1+ Ke6 38. gxh4 Be5 39. Bd4 g6 40. Bxe5
Kxe5 41. Rg1 a5 42. Rg5+ Kf4 43. bxa5 Ne5 44. Rg3 Rc4 45. Rh3 Ra4 46. h5 Ra2+
47. Kd1 gxh5 48. Rxh5 Nxf3 49. Nc5 Ne5 50. Ne6+ Ke4 51. Nc5+ Kf4 52. Ne6+ Ke4
53. Nc5+ Kf4 54. Rh4+ Ng4 55. a6 Ra5 56. Rh8 Ne3+ 57. Kc1 Nd5 58. Nd3+ Ke4 59.
Nb4 Nxc3 60. Rh4+ Ke3 61. Rh3+ Ke4 62. Rxc3 Ra4 63. Rc4+ Kf5 64. Kb2 Ke6 65.
Kb3 Ra5 66. Rc2 Kd6 67. Ra2 Rxa2 68. Kxa2 Kc7 69. Kb3 Kb6 70. Kc4 Ka7 71. Kb5
Kb8 72. Kb6 Ka8 73. Nd5 1-0

[Event "Campeonato de España por Equip"]
[Site "Burguillos"]
[Date "2009.08.07"]
[Round "4"]
[White "Ortiz Suarez, Isan Reynaldo"]
[Black "Razmyslov, Alexander"]
[Result "1/2-1/2"]
[WhiteElo "2504"]
[BlackElo "2414"]
[PlyCount "59"]
[EventDate "2009.08.05"]
[EventType "team"]
[EventRounds "6"]
[EventCountry "ESP"]
[WhiteTeam "C.A. SILLA"]
[BlackTeam "C.A. CIRCULO MERCANTIL"]

1. d4 Nf6 2. c4 e6 3. Nf3 b6 4. g3 Ba6 5. Qc2 Bb4+ 6. Nbd2 O-O 7. Bg2 c6 8. a3
Be7 9. O-O d5 10. b3 c5 11. dxc5 bxc5 12. Bb2 Nbd7 13. e3 Qc7 14. Rfd1 Rfd8 15.
cxd5 exd5 16. Rac1 Rab8 17. h3 Qb6 18. g4 Bb7 19. Ne5 Nf8 20. g5 Ne8 21. h4 f6
22. gxf6 Nxf6 23. Qf5 Bc8 24. Qf3 Be6 25. Re1 Rbc8 26. Kh1 Bd6 27. Bh3 Bxh3 28.
Qxh3 Bxe5 29. Bxe5 Qe6 30. Qxe6+ 1/2-1/2

[Event "Campeonato de España por Equip"]
[Site "Burguillos"]
[Date "2009.08.07"]
[Round "4"]
[White "Garrido Dominguez, Jesus"]
[Black "Valmana Canto, Jaime"]
[Result "1/2-1/2"]
[WhiteElo "2333"]
[BlackElo "2348"]
[PlyCount "133"]
[EventDate "2009.08.05"]
[EventType "team"]
[EventRounds "6"]
[EventCountry "ESP"]
[WhiteTeam "C.A. CIRCULO MERCANTIL"]
[BlackTeam "C.A. SILLA"]

1. e4 c5 2. Nf3 Nc6 3. d4 cxd4 4. Nxd4 Nf6 5. Nc3 e5 6. Ndb5 d6 7. Bg5 a6 8.
Na3 b5 9. Bxf6 gxf6 10. Nd5 Bg7 11. g3 f5 12. Bg2 fxe4 13. Bxe4 Be6 14. Qh5 Rc8
15. O-O Ne7 16. Rad1 Nxd5 17. Bxd5 O-O 18. c3 Rc5 19. Qf3 Qd7 20. Rd3 Bf5 21.
Be4 Bxe4 22. Qxe4 d5 23. Rfd1 Rd8 24. Qb4 Qc6 25. Nc2 d4 26. Ne3 a5 27. Qb3 a4
28. Qb4 Rc4 29. Nxc4 bxc4 30. R3d2 d3 31. Re1 e4 32. Rdd1 Re8 33. Qa5 Bh6 34.
h3 e3 35. Rxe3 Rxe3 36. fxe3 Bxe3+ 37. Kh2 Qf3 38. Qxa4 Qf2+ 39. Kh1 Qf3+ 40.
Kh2 Qe2+ 41. Kh1 Qf3+ 42. Kh2 Qe2+ 43. Kh1 Bf2 44. Qa8+ Kg7 45. Ra1 d2 46. Qd5
h6 47. Kh2 Be1+ 48. Kh1 Bxg3 49. Qd4+ Kh7 50. Kg1 Bh2+ 51. Kh1 Bg3 52. Kg1 Be5
53. Qd5 Bh2+ 54. Kh1 Bg3 55. Qxf7+ Kh8 56. Qf8+ Kh7 57. Qf5+ Kh8 58. Qc8+ Kh7
59. Qd7+ Kh8 60. Qd4+ Kh7 61. Qd7+ Kh8 62. Qc8+ Kh7 63. Qf5+ Kh8 64. Qc8+ Kh7
65. Qd7+ Kh8 66. Qd4+ Kh7 67. Qd7+ 1/2-1/2

[Event "Campeonato de España por Equip"]
[Site "Burguillos"]
[Date "2009.08.07"]
[Round "4"]
[White "Vitor, Antonio"]
[Black "Reales Murto, Manuel Jose"]
[Result "1-0"]
[WhiteElo "2398"]
[BlackElo "2303"]
[PlyCount "127"]
[EventDate "2009.08.05"]
[EventType "team"]
[EventRounds "6"]
[EventCountry "ESP"]
[WhiteTeam "C.A. SILLA"]
[BlackTeam "C.A. CIRCULO MERCANTIL"]

1. b3 Nf6 2. Bb2 g6 3. Bxf6 exf6 4. c4 b6 5. Nc3 Bb7 6. e3 f5 7. Nf3 Bg7 8. Rc1
O-O 9. g3 d6 10. Bg2 Nd7 11. O-O Re8 12. Ne1 Bxg2 13. Nxg2 Nc5 14. d3 a5 15. a3
h5 16. Qc2 Ra7 17. Rfd1 Ra8 18. Rb1 Ra7 19. Nd5 Nd7 20. Rdc1 Bf8 21. Nc3 Bg7
22. Qd1 Ne5 23. d4 Ng4 24. Qf3 Qd7 25. Nb5 Raa8 26. Qb7 Rec8 27. Na7 Re8 28.
Qc6 Qe7 29. Nb5 Rac8 30. Nc3 Bh6 31. Nd5 Qe6 32. h3 Nf6 33. Nxf6+ Qxf6 34. h4
Qe6 35. b4 axb4 36. axb4 Qe4 37. Qxe4 fxe4 38. c5 b5 39. Rc2 Bf8 40. cxd6 Bxd6
41. Rc6 Ra8 42. Nf4 Bxf4 43. gxf4 Ra7 44. f5 Kg7 45. fxg6 fxg6 46. Rbc1 Re7 47.
R1c5 Rf7 48. Rg5 Ra1+ 49. Kg2 Ra2 50. Rgxg6+ Kh7 51. Rh6+ Kg7 52. Rcg6+ Kf8 53.
Rf6 Rb2 54. Rxf7+ Kxf7 55. Rxh5 Rxb4 56. Rc5 Rb1 57. Rxc7+ Kg6 58. Kg3 b4 59.
Rb7 b3 60. Kf4 b2 61. Kxe4 Kh5 62. Kf5 Kh6 63. Ke6 Kg6 64. d5 1-0

[Event "Campeonato de España por Equip"]
[Site "Burguillos"]
[Date "2009.08.07"]
[Round "4"]
[White "Herrera Delgado, Alejandro"]
[Black "Carbonell Bofill, Carlos Eloy"]
[Result "0-1"]
[WhiteElo "2297"]
[BlackElo "2203"]
[PlyCount "92"]
[EventDate "2009.08.05"]
[EventType "team"]
[EventRounds "6"]
[EventCountry "ESP"]
[WhiteTeam "C.A. CIRCULO MERCANTIL"]
[BlackTeam "C.A. SILLA"]

1. e4 e6 2. d4 d5 3. Nc3 Nf6 4. Bg5 dxe4 5. Nxe4 Be7 6. Bxf6 gxf6 7. Qd3 a6 8.
O-O-O f5 9. Nc3 b5 10. Qf3 c6 11. h3 Qa5 12. Kb1 b4 13. Nce2 Nd7 14. g4 fxg4
15. hxg4 Bb7 16. Bg2 Nf6 17. Nh3 Qd5 18. Qxf6 Bxf6 19. Bxd5 cxd5 20. Nhf4 a5
21. Rh3 Ba6 22. Rdh1 Bg5 23. Rxh7 Rg8 24. f3 Ke7 25. R1h2 Kf6 26. Nh5+ Kg6 27.
Nhg3 Be3 28. f4 Kf6 29. g5+ Ke7 30. R2h6 a4 31. Rf6 Rgf8 32. Nf1 Bf2 33. Rh2
Be1 34. Ne3 Bd2 35. Ng4 Rh8 36. Nh6 Rhf8 37. Nc1 Be3 38. Ne2 b3 39. Ng4 bxc2+
40. Kxc2 Rac8+ 41. Nc3 Bxd4 42. Rfh6 a3 43. R2h3 axb2 44. Kxb2 Bf1 45. Re3 Rxc3
46. Rxc3 Rc8 0-1

[Event "Campeonato de España por Equip"]
[Site "Burguillos"]
[Date "2009.08.07"]
[Round "4"]
[White "Cabrera Ruiz, Luis"]
[Black "Valles Moreno, Ivan"]
[Result "0-1"]
[WhiteElo "2168"]
[BlackElo "2428"]
[PlyCount "168"]
[EventDate "2009.08.05"]
[EventType "team"]
[EventRounds "6"]
[EventCountry "ESP"]
[WhiteTeam "C.A. CAJAGRANADA (-2)"]
[BlackTeam "C.A. AMIGOS DEL RETIRO"]

1. e4 c5 2. c4 Nc6 3. Ne2 g6 4. d4 Bg7 5. dxc5 Nf6 6. Nbc3 Qa5 7. Ng3 Qxc5 8.
Be2 O-O 9. O-O d6 10. Be3 Qa5 11. Qd2 Ng4 12. Bxg4 Bxg4 13. Rac1 Rfc8 14. b3
Rab8 15. f3 Bd7 16. Rfd1 h5 17. Nd5 Qxd2 18. Rxd2 b6 19. Ne2 Kf8 20. Rcd1 Be8
21. Nd4 Ne5 22. Bg5 Rb7 23. f4 Nc6 24. Nxc6 Rxc6 25. a4 f6 26. Bh4 Bh6 27. Bf2
Bf7 28. Be3 Bg7 29. f5 Rc8 30. Nf4 g5 31. Nd5 Bh6 32. g3 Kg7 33. h3 Re8 34. Rf2
Bg8 35. g4 Kh7 36. Kg2 Bg7 37. Bd4 h4 38. Rc2 Kh6 39. Kf3 Bh7 40. Re2 Bg8 41.
Rc2 Bh7 42. Ra2 Rc8 43. Ke3 Bg8 44. Kd3 Bf7 45. b4 Bf8 46. b5 e6 47. fxe6 Bxe6
48. Rf1 Bg7 49. Bxf6 Bxd5 50. exd5 Rbc7 51. Rc2 Re8 52. Rf5 Bxf6 53. Rxf6+ Kg7
54. Rxd6 Rf7 55. Re6 Rf3+ 56. Ke4 Ref8 57. d6 Rxh3 58. c5 Rf4+ 59. Kd5 Rd3+ 60.
Kc6 bxc5 61. Rxc5 Rxg4 62. Ree5 Kg6 63. d7 Rxd7 64. Kxd7 h3 65. Re3 Rd4+ 66.
Kc7 g4 67. Re6+ Kf7 68. Rh6 Kg7 69. Rh4 Kf6 70. a5 Rd1 71. Rxg4 h2 72. Rh4 h1=Q
73. Rxh1 Rxh1 74. Kb7 Rh7+ 75. Rc7 Rh5 76. b6 axb6 77. axb6 Ke6 78. Kb8 Kd6 79.
Rc1 Rh8+ 80. Ka7 Rh2 81. b7 Ra2+ 82. Kb8 Kd7 83. Rh1 Kd8 84. Rd1+ Ke7 0-1

[Event "Campeonato de España por Equip"]
[Site "Burguillos"]
[Date "2009.08.07"]
[Round "4"]
[White "Perez Gonzalez, Jose Manuel"]
[Black "Ferrer Pulido, Julio"]
[Result "1/2-1/2"]
[WhiteElo "2307"]
[BlackElo "2133"]
[PlyCount "83"]
[EventDate "2009.08.05"]
[EventType "team"]
[EventRounds "6"]
[EventCountry "ESP"]
[WhiteTeam "C.A. AMIGOS DEL RETIRO"]
[BlackTeam "C.A. CAJAGRANADA (-2)"]

1. e4 c5 2. Nf3 g6 3. d4 cxd4 4. Nxd4 Nf6 5. Nc3 Bg7 6. Bc4 O-O 7. Be3 Nc6 8.
Bb3 a5 9. O-O d6 10. Ndb5 a4 11. Nxa4 Nxe4 12. Bb6 Qd7 13. Qe2 Nf6 14. Rad1 Ne8
15. Be3 Qf5 16. Nb6 Rb8 17. Nd5 Be6 18. Nd4 Bxd4 19. Rxd4 Bxd5 20. Rxd5 Qc8 21.
Bg5 e6 22. Rd3 d5 23. Bh6 Ng7 24. Rh3 Qc7 25. Qd2 f6 26. Bf4 Ne5 27. Qc3 Qxc3
28. Rxc3 Rbc8 29. Bxe5 fxe5 30. Rxc8 Rxc8 31. Re1 e4 32. g3 Kf7 33. c4 dxc4 34.
Bc2 Nf5 35. Bxe4 Nd6 36. Bc2 Rc5 37. Kf1 Kf6 38. Re3 Rb5 39. b3 cxb3 40. Bxb3
e5 41. f4 Nf5 42. fxe5+ 1/2-1/2

[Event "Campeonato de España por Equip"]
[Site "Burguillos"]
[Date "2009.08.07"]
[Round "4"]
[White "Jimenez Bernal, Francisco"]
[Black "Fernandez Garcia, Miguel Angel"]
[Result "1/2-1/2"]
[WhiteElo "2107"]
[BlackElo "2269"]
[PlyCount "153"]
[EventDate "2009.08.05"]
[EventType "team"]
[EventRounds "6"]
[EventCountry "ESP"]
[WhiteTeam "C.A. CAJAGRANADA (-2)"]
[BlackTeam "C.A. AMIGOS DEL RETIRO"]

1. Nf3 d5 2. d4 Nf6 3. c4 e6 4. g3 dxc4 5. Bg2 Nc6 6. Qa4 Bb4+ 7. Bd2 Nd5 8.
O-O Bxd2 9. Nbxd2 c3 10. bxc3 Nxc3 11. Qc4 Nd5 12. e3 O-O 13. Rfd1 Qe7 14. Ne4
Rb8 15. Rac1 Na5 16. Qa4 b6 17. Nc5 Rd8 18. Ne5 Nf6 19. Nb3 Bd7 20. Nxd7 Qxd7
21. Qxd7 Rxd7 22. Nxa5 bxa5 23. Rc5 Nd5 24. Rdc1 Rb7 25. Rxa5 Kf8 26. h4 Ke7
27. Be4 f5 28. Bf3 c6 29. Rxc6 Rb1+ 30. Kg2 Nb4 31. Rc3 Rb2 32. a3 Nd5 33. Bxd5
exd5 34. Rcc5 Ke6 35. Rc6+ Ke7 36. Rca6 Rbb7 37. Kf3 g6 38. Kf4 Rb2 39. f3 Rbb7
40. a4 Rbc7 41. Rc5 Rb7 42. h5 Rd6 43. Rcc6 Rxc6 44. Rxc6 Kf7 45. a5 Rd7 46.
hxg6+ hxg6 47. Kg5 Re7 48. Kf4 Rd7 49. g4 fxg4 50. Kxg4 Re7 51. Kf4 g5+ 52.
Kxg5 Rxe3 53. Kf5 Rxf3+ 54. Ke5 Ke8 55. Rc7 Kd8 56. Rxa7 Kc8 57. a6 Kb8 58.
Rb7+ Ka8 59. Rb6 Ka7 60. Rg6 Ra3 61. Kxd5 Ra5+ 62. Ke4 Rh5 63. Rc6 Rh1 64. d5
Re1+ 65. Kd4 Rd1+ 66. Ke5 Rd2 67. Ke6 Rh2 68. Kd7 Rh7+ 69. Kd6 Rh1 70. Ke5 Re1+
71. Kd4 Rd1+ 72. Kc5 Rc1+ 73. Kd6 Rh1 74. Ke7 Rh7+ 75. Kd8 Rh8+ 76. Kc7 Rh7+
77. Kd6 1/2-1/2

[Event "Campeonato de España por Equip"]
[Site "Burguillos"]
[Date "2009.08.07"]
[Round "4"]
[White "Paredes Sanchez, Juan"]
[Black "Molina Perez, Jesus"]
[Result "1/2-1/2"]
[WhiteElo "2217"]
[BlackElo "2088"]
[PlyCount "164"]
[EventDate "2009.08.05"]
[EventType "team"]
[EventRounds "6"]
[EventCountry "ESP"]
[WhiteTeam "C.A. AMIGOS DEL RETIRO"]
[BlackTeam "C.A. CAJAGRANADA (-2)"]

1. e4 e5 2. Nf3 Nc6 3. Bb5 a6 4. Bxc6 dxc6 5. O-O Bg4 6. h3 h5 7. d3 Qf6 8.
Nbd2 Bc5 9. Nc4 Bxf3 10. Qxf3 Qxf3 11. gxf3 Bd6 12. f4 exf4 13. Nxd6+ cxd6 14.
Bxf4 O-O-O 15. Bd2 Ne7 16. Kh1 Rhe8 17. Rg1 g6 18. Bg5 Rd7 19. Rae1 c5 20. f3
Nc6 21. Rg2 b5 22. Be3 Kb7 23. Rf1 Ne7 24. Rg5 Kc6 25. c4 Rb7 26. Rg2 Kd7 27.
Rd1 Ke6 28. Rgd2 Nc6 29. b3 Rc8 30. Kg2 f6 31. f4 f5 32. Kf3 Rf7 33. Rg1 Rg8
34. Rdg2 Kf6 35. Rg5 Ne7 36. Bc1 Rff8 37. Bb2+ Kf7 38. R5g2 bxc4 39. bxc4 Rb8
40. Bc3 Rb7 41. Re2 Rgb8 42. Reg2 Rb1 43. Rxb1 Rxb1 44. Rb2 Rxb2 45. Bxb2 Ke6
46. Ke3 Nc6 47. a3 fxe4 48. dxe4 Na5 49. Kd3 Nc6 50. Bc3 Ne7 51. Ke3 Nc8 52.
Ba5 Ne7 53. Kf3 Nc6 54. Bc3 Ne7 55. Kg3 Nc8 56. Ba5 Ne7 57. Kh4 Kf7 58. Bc7 Nc6
59. Bxd6 Na5 60. Bxc5 Nxc4 61. Bb4 Ne3 62. Kg5 Nd1 63. f5 gxf5 64. Kxf5 Nf2 65.
h4 Ng4 66. Bc5 Nh6+ 67. Kg5 Ng4 68. Bd4 Ke6 69. Kxh5 Nh2 70. Kg6 Nf3 71. h5
Nxd4 72. h6 Nc6 73. h7 Ne5+ 74. Kg7 Nf7 75. Kg6 Nh8+ 76. Kg7 Nf7 77. a4 a5 78.
e5 Ke7 79. Kg8 Nh6+ 80. Kg7 Nf7 81. Kg8 Nh6+ 82. Kg7 Nf7 1/2-1/2

[Event "Campeonato de España por Equip"]
[Site "Burguillos"]
[Date "2009.08.07"]
[Round "4"]
[White "Serna Lara, Sergio"]
[Black "Cramling, Pia"]
[Result "0-1"]
[WhiteElo "2234"]
[BlackElo "2525"]
[PlyCount "70"]
[EventDate "2009.08.05"]
[EventType "team"]
[EventRounds "6"]
[EventCountry "ESP"]
[WhiteTeam "C.D.E. AJEDREZ TARAZONA"]
[BlackTeam "C.A. LAURUS RONDA"]

1. d4 Nf6 2. c4 e6 3. Nc3 Bb4 4. Qc2 O-O 5. Nf3 c5 6. dxc5 Na6 7. Bd2 Nxc5 8.
a3 Bxc3 9. Bxc3 d6 10. g3 Bd7 11. b3 Rc8 12. Qb2 e5 13. Bg2 Nfe4 14. Bb4 b5 15.
cxb5 Bxb5 16. O-O Qb6 17. Bxc5 Nxc5 18. Ng5 Ba6 19. Bd5 Bb7 20. Bxb7 Qxb7 21.
b4 h6 22. Nf3 a5 23. Rac1 axb4 24. Qxb4 Qa7 25. Rfd1 Rc6 26. Nh4 g6 27. Qg4 Kh7
28. Rc3 Ra6 29. Rf3 Ra4 30. Qh3 Ne4 31. Re3 Ng5 32. Qg2 Rc8 33. Qd5 Rxa3 34.
Nf3 Ne6 35. h4 Rc5 0-1

[Event "Campeonato de España por Equip"]
[Site "Burguillos"]
[Date "2009.08.07"]
[Round "4"]
[White "Campora, Daniel H"]
[Black "Picazo Lopez, Juan Antonio"]
[Result "1/2-1/2"]
[WhiteElo "2492"]
[BlackElo "2226"]
[PlyCount "32"]
[EventDate "2009.08.05"]
[EventType "team"]
[EventRounds "6"]
[EventCountry "ESP"]
[WhiteTeam "C.A. LAURUS RONDA"]
[BlackTeam "C.D.E. AJEDREZ TARAZONA"]

1. e4 d5 2. exd5 Nf6 3. d4 Nxd5 4. Nf3 g6 5. c4 Nb6 6. Nc3 Bg7 7. Be3 O-O 8.
Qd2 Nc6 9. Rc1 Bg4 10. c5 Nd5 11. Be2 Nxc3 12. bxc3 e5 13. dxe5 Qxd2+ 14. Kxd2
Rad8+ 15. Kc2 Nxe5 16. Nxe5 Bxe2 1/2-1/2